|
|
|
|
| LEADER |
00000nam0a2200000 4500 |
| 001 |
152534 |
| 005 |
20231101221628.0 |
| 010 |
|
|
|a 9785922110457
|
| 035 |
|
|
|a (RuTPU)RU\TPU\book\165371
|
| 090 |
|
|
|a 152534
|
| 100 |
|
|
|a 20090202d2008 k y0rusy50 ca
|
| 101 |
0 |
|
|a rus
|
| 102 |
|
|
|a RU
|
| 105 |
|
|
|a y z 001zy
|
| 200 |
1 |
|
|a Компьютерное моделирование логических процессов. Архитектура и язык решателя задач
|f А. С. Подколзин
|
| 210 |
|
|
|a Москва
|c Физматлит
|d 2008
|
| 215 |
|
|
|a 1024 с.
|
| 320 |
|
|
|a Библиогр.: с. 1021-1022.
|
| 330 |
|
|
|a В книге представлено описание разработанного автором пакета прикладных программ «Логическая система "Искра"», обобщающего многолетний опыт компьютерного моделирования логических процессов, в результате которого возникла развитая технология обучения «решателя». В основном моделировались процессы решения математических задач. Было проработано около 9000 задач из разных разделов математики. Создана база приемов решателя задач, насчитывающая в настоящее время около 25 тыс. приемов. Фактически возникла мощная система символьной компьютерной математики нового типа, позволяющая не только получать ответы, но и прослеживать ход решения по шагам. Для обучения «решателя» был развит новый язык, объединяющий в себе два логических уровня — предметной области и принятия решений, что позволило существенно ускорить обучение решателя и создало предпосылки для исследований по автоматическому синтезу приемов. Прилагается адрес в сети программы «решателя». Студентам, аспирантам и специалистам по искусственному интеллекту, программированию и компьютерной математике.
|
| 606 |
1 |
|
|a Пакеты прикладных программ
|2 stltpush
|3 (RuTPU)RU\TPU\subj\47935
|9 66832
|
| 610 |
1 |
|
|a моделирование
|
| 610 |
1 |
|
|a логические процессы
|
| 610 |
1 |
|
|a задачи
|
| 610 |
1 |
|
|a искусственный интеллект
|
| 610 |
1 |
|
|a алгоритмические языки
|
| 610 |
1 |
|
|a решатели
|
| 610 |
1 |
|
|a ЛОС
|
| 610 |
1 |
|
|a ГЕНОЛОГ
|
| 610 |
1 |
|
|a упражнения
|
| 610 |
1 |
|
|a программы
|
| 610 |
1 |
|
|a программирование
|
| 610 |
1 |
|
|a компьютерная математика
|
| 675 |
|
|
|a 681.3.068
|v 3
|
| 700 |
|
1 |
|a Подколзин
|b А. С.
|g Александр Сергеевич
|
| 801 |
|
1 |
|a RU
|b 63413507
|c 20090202
|g PSBO
|
| 801 |
|
2 |
|a RU
|b 63413507
|c 20160115
|g RCR
|
| 900 |
|
|
|a Компьютерное моделирование
|
| 942 |
|
|
|c BK
|
| 959 |
|
|
|a 14/20090130
|d 1
|e 926,20
|f ЧЗТЛ:1
|